Diario de una huida / (Registro nro. 25724)

Detalles MARC
000 -LEADER
fixed length control field 00915nam a2200289 4500
001 - CONTROL NUMBER
control field 0000015947
003 - CONTROL NUMBER IDENTIFIER
control field CO-CtgCURN
005 - DATE AND TIME OF LATEST TRANSACTION
control field 20250331191040.0
007 - PHYSICAL DESCRIPTION FIXED FIELD--GENERAL INFORMATION
fixed length control field ta
008 - FIXED-LENGTH DATA ELEMENTS--GENERAL INFORMATION
fixed length control field 160627s1981 000 0 eng d
040 ## - CATALOGING SOURCE
Original cataloging agency CO-CtgCURN
Language of cataloging spa
Transcribing agency coctgcurn
082 0# - DEWEY DECIMAL CLASSIFICATION NUMBER
Classification number 813
Item number H313d
100 1# - MAIN ENTRY--PERSONAL NAME
Personal name Harris, Marilyn.
245 10 - TITLE STATEMENT
Title Diario de una huida /
Statement of responsibility, etc. Marilyn Harris , traducción Marta Pérez.
260 ## - PUBLICATION, DISTRIBUTION, ETC.
Place of publication, distribution, etc. Bogotá :
Name of publisher, distributor, etc. Ediciones Martínez Roca,
Date of publication, distribution, etc. 1981.
300 ## - PHYSICAL DESCRIPTION
Extent 198 p.
336 ## - CONTENT TYPE
Source rdacontent
337 ## - MEDIA TYPE
Source rdamedia
Media type term sin mediacion
Media type code n
338 ## - CARRIER TYPE
Source rdacarrier
Carrier type term volumen
Carrier type code nc
500 ## - GENERAL NOTE
General note Titulo del original ingles, the runaway s diary.
505 8# - FORMATTED CONTENTS NOTE
Formatted contents note Obra literaria
600 10 - SUBJECT ADDED ENTRY--PERSONAL NAME
Personal name Marilyn Harris
Form subdivision Escritora
Geographic subdivision Estados Unidos.
700 1# - ADDED ENTRY--PERSONAL NAME
Personal name Pérez, Marta,
Relator term Traductor.
908 ## - PUT COMMAND PARAMETER (RLIN)
Put command parameter 160627
942 ## - ADDED ENTRY ELEMENTS (KOHA)
Koha item type Libros
Classification part 813
Item part H313d
Source of classification or shelving scheme Dewey Decimal Classification
Existencias
Withdrawn status Lost status Source of classification or shelving scheme Damaged status Not for loan Collection Home library Current library Shelving location Date acquired Inventory number Total checkouts Full call number Barcode Date last seen Copy number Price effective from Koha item type Public note
    Dewey Decimal Classification     General Miguel Henríquez Castañeda Miguel Henríquez Castañeda General 03/31/2025 006855   813 H313d 006855 03/31/2025 ej.1 03/31/2025 Libros 810-LITNOR